1610 1758 1958 1392 1667 1736 1582 1876 1103 1160 1963 1628 1002 1946 1035 1633 1469 1652 1005 1034 1891 1193 1718 1860 1689 1020 1316 1552 1170 1959 1052 1850 1983 1948 1546 1662 1752 1908 1925 1291 1788 1265 1960 1422 1314 1335 1973 1888 1687 1944 1816 1669 1460 1038 1344 1999 1641 1235 1080 1731 1039 1762 1250 1968 1484 1169 1516 1868 1415 1360 1235 1891 1622 1477 1784 1098 1273 1835 1509 1459 1713 1292 1466 1204 1066 1640 1924 1178 1656 1249 1864 1263 1207 1660 1901 1709 1748 1843 1161 BCNSPRNW ULIB Ver.6.0+V

เปลี่ยนเป็นภาษาไทย

Change to English
 แสดงรายละเอียดบรรณานุกรม
  กลับหน้าหลัก

Brief Record : Get Marc (ISO 2709) : E-mail record : QR code < ปิดหน้าต่าง
LEADER : 00000nas 2200000uu 4500
001    13399114425
003     ULIB
008    020711s|||| th a 000 0 tha d
022    ^a08573859
110    ^aมูลนิธิโรคไตแห่งประเทศไทย
245    ^aวารสารมูลนิธิโรคไต /^cมูลนิธิโรคไตแห่งประเทศไทย
260    ^aกรุงเทพฯ :^bมูลนิธิโรคไตแห่งประเทศไทย,^cม.ป.ป.
310    ^aรายเดือน
850    ^aฉบับที่ 51 ปีที่ 26
945    ^p0^l0^i900262
รายการนี้ยังไม่มีแท็ก
คุณยังไม่ได้ล็อกอิน คุณสามารถมีกิจกรรมร่วมกับเว็บไซต์ได้ แต่ต้องล็อกอินก่อน ::
  ล็อกอิน

รายการสื่อสารสนเทศ (วารสาร)

ดูแบบ: กล่อง รายการ
ARRIVED
ฉบับที่ 51 ปีที่ 26
สถานที่: ห้องสมุดวิทยาเขตสวรรค์ประชารักษ์ >วารสาร
รายการใกล้เคียง
    ผู้แต่ง []

BibComment


ยังไม่เคยถูกคอมเมนท์

คอมเมนท์ทรัพยากรรายการนี้
  คอมเมนท์: วารสารมูลนิธิโรค..


 Copyright 2026. Bcnsprnw @Library